A szkeptikus magánya. Beszélgetések Emil M. Ciorannal
Elmentve itt :
| Szerző: | |
|---|---|
| Adatforrás: | Meister |
| Forrásdokumentuma: | Helikon. - 1 sz., 1999, 10-11 p. |
| Nyelv: | magyar |
| Kulcsszavak: | filozófiatörténet-interjú politikai intézmények igazság történelem utópia CIORAN Emil BAJOMI Lázár Endre RÉZ Pál ILLYÉS Gyula KARDOS Péter JAKOB Michael FÁZSY Anikó Vasgárda |
| LEADER | 00715nab a2200265 i 4500 | ||
|---|---|---|---|
| 001 | bibPRO00009794 | ||
| 008 | 060524s1999 xx hun | ||
| 040 | |a Sz1 | ||
| 041 | |a hun | ||
| 100 | 1 | |a BENDE József | |
| 245 | 1 | 2 | |a A szkeptikus magánya. Beszélgetések Emil M. Ciorannal |c BENDE József |
| 695 | |a filozófiatörténet-interjú | ||
| 695 | |a politikai intézmények | ||
| 695 | |a igazság | ||
| 695 | |a történelem | ||
| 695 | |a utópia | ||
| 695 | |a CIORAN Emil | ||
| 695 | |a BAJOMI Lázár Endre | ||
| 695 | |a RÉZ Pál | ||
| 695 | |a ILLYÉS Gyula | ||
| 695 | |a KARDOS Péter | ||
| 695 | |a JAKOB Michael | ||
| 695 | |a FÁZSY Anikó | ||
| 695 | |a Vasgárda | ||
| 773 | 0 | |t Helikon. - |g 1 sz., 1999, 10-11 p. | |